• 首页
  • 本馆介绍
  • 公告通知
  • 最新文献
  • 馆藏检索
  • 电子资源
  • 读者导购
  • 参考咨询
  • 我的图书馆
  • 登录
  • 详细信息显示
  • 放入我的书架
  • 预约/预借图书
  • 作者相关作品
  • 分类相关作品
  • 丛书相关作品
  • 出版社相关作品

书目信息

  • 表格格式
  • 工作单格式
  • 卡片格式
题名:
食品机械与设备
    
 
作者: 吕长鑫 , 黄广民 , 宋洪波 主编
分册:  
出版信息: 长沙   中南大学出版社  2021.1
页数: 389页
开本: 26cm
丛书名:
单 册:
中图分类: TS203
科图分类:
主题词: 食品加工设备--高等学校--教材
电子资源:
ISBN: 978-7-5487-2037-9
000 00962nam0 2200265 45
001 012001000781
005 20140912080328.0
010    @a978-7-5487-2037-9@dCNY56.00
100    @a20160129d2015 em y0chiy50 ea
101 0  @achi
102    @aCN@b430000
105    @aa z 000yy
106    @ar
200 1  @a食品机械与设备@Ashi pin ji xie yu she bei@b专著@f吕长鑫,黄广民,宋洪波主编
210    @a长沙@c中南大学出版社@d2021.1
215    @a389页@c图@d26cm
300    @a高等院校食品专业“十二五”规划教材
330    @a本书对食品加工过程中常用的食品机械与设备进行了介绍。全书共分15章,包括输送机械与设备,粉碎和研磨机械与设备,脱皮和脱壳机械与设备,清洗和分选机械与设备,分离机械与设备等内容。
606 0  @a食品加工设备@x高等学校@j教材
690    @aTS203@v5
701  0 @a吕长鑫@Alv chang xin@4主编
701  0 @a黄广民@Ahuang guang min@4主编
701  0 @a宋洪波@Asong hong bo@4主编
801  0 @aCN@bBJSDL@c20211011
905    @b1332145-8@dTS203@e376@f4
    
    食品机械与设备/吕长鑫,黄广民,宋洪波主编.-长沙:中南大学出版社,2021.1
    389页:图;26cm
    高等院校食品专业“十二五”规划教材
    
    ISBN 978-7-5487-2037-9:CNY56.00
    本书对食品加工过程中常用的食品机械与设备进行了介绍。全书共分15章,包括输送机械与设备,粉碎和研磨机械与设备,脱皮和脱壳机械与设备,清洗和分选机械与设备,分离机械与设备等内容。
●
相关链接 在E读中查询图书 在五车中查询图书 在当当中查询图书 在豆瓣中查询图书


正题名:食品机械与设备     索取号:TS203/376         预约/预借

序号 登录号 条形码 馆藏地/架位号 状态 备注
1 1332145   213321458   第二样本阅览室/ [索取号:TS203/376] 在馆    
2 1332146   213321467   第三借阅区/ [索取号:TS203/376] 在馆    
3 1332147   213321476   第三借阅区/ [索取号:TS203/376] 在馆    
4 1332148   213321485   第三借阅区/ [索取号:TS203/376] 在馆    
唐山师范学院图书馆 欢迎您!
大连网信软件有限公司© 版权所有